[Event "Elbow Beach Club GM-B"]
[Site "Paget Parish"]
[Date "2001.01.19"]
[Round "1"]
[White "Fierro Baquero, Martha Lorena"]
[Black "Teplitsky, Yan"]
[Result "0-1"]
[WhiteElo "2287"]
[BlackElo "2446"]
[PlyCount "50"]
[GameId "1166643383582720"]
[EventDate "2001.01.19"]
[EventType "tourn"]
[EventRounds "11"]
[EventCountry "BER"]
[EventCategory "9"]
[SourceTitle "CBM 081"]
[Source "ChessBase"]
[SourceDate "2001.03.20"]
[SourceVersion "1"]
[SourceVersionDate "2001.03.20"]
[SourceQuality "1"]

1. e4 c5 2. Nf3 d6 3. Bb5+ Nd7 4. c4 Ngf6 5. Nc3 e6 6. d4 cxd4 7. Qxd4 Be7 8. O-O O-O 9. Rd1 Qc7 10. Bg5 Ne5 11. Nxe5 dxe5 12. Qd3 b6 13. Rac1 Bb7 14. Qe2 Rfd8 15. Ba4 a6 16. Kh1 h6 17. Rxd8+ Rxd8 18. Bd2 Bc5 19. Be3 Bxe3 20. Qxe3 Rd4 21. f4 Rxc4 22. b3 exf4 23. Qe1 Rc5 24. b4 Rc4 25. Bb3 Rc6 0-1

[Event "Elbow Beach Club GM-B"]
[Site "Paget Parish"]
[Date "2001.01.20"]
[Round "2"]
[White "Alvarez Marquez, Johan"]
[Black "Teplitsky, Yan"]
[Result "1/2-1/2"]
[WhiteElo "2383"]
[BlackElo "2446"]
[PlyCount "98"]
[GameId "1166643383599104"]
[EventDate "2001.01.19"]
[EventType "tourn"]
[EventRounds "11"]
[EventCountry "BER"]
[EventCategory "9"]
[SourceTitle "CBM 081"]
[Source "ChessBase"]
[SourceDate "2001.03.20"]
[SourceVersion "1"]
[SourceVersionDate "2001.03.20"]
[SourceQuality "1"]

1. d4 Nf6 2. c4 e6 3. Nc3 Bb4 4. e3 c5 5. Bd3 O-O 6. Nge2 d5 7. cxd5 exd5 8. O-O Nc6 9. a3 cxd4 10. exd4 Bd6 11. h3 h6 12. Bc2 Ne7 13. Bf4 Bxf4 14. Nxf4 Bf5 15. Bb3 Qd6 16. Re1 Be4 17. Qd2 Rfe8 18. Re2 Ng6 19. Nxg6 Bxg6 20. Rae1 Rxe2 21. Rxe2 Be4 22. f3 Bf5 23. Re5 Be6 24. f4 Nd7 25. Re1 Nf6 26. Bc2 Rd8 27. Re5 Nd7 28. Re2 Nf6 29. Qe3 Re8 30. Qf2 Rd8 31. Re5 Nd7 32. Re1 Nf6 33. Bb1 Qb6 34. Na4 Qd6 35. Nc3 Qb6 36. Re5 Nd7 37. Re2 Nf6 38. f5 Bd7 39. Ba2 Qd6 40. Re5 Bc6 41. b4 a5 42. b5 Qxa3 43. Bb1 Qb4 44. bxc6 bxc6 45. Re2 Ne4 46. Qe3 Nd6 47. Qf2 Ne4 48. Qe3 Nd6 49. Qf2 Ne4 1/2-1/2

[Event "Elbow Beach Club GM-B"]
[Site "Paget Parish"]
[Date "2001.01.21"]
[Round "3"]
[White "Teplitsky, Yan"]
[Black "Blehm, Pawel"]
[Result "1/2-1/2"]
[WhiteElo "2446"]
[BlackElo "2512"]
[PlyCount "46"]
[GameId "1166643383623680"]
[EventDate "2001.01.19"]
[EventType "tourn"]
[EventRounds "11"]
[EventCountry "BER"]
[EventCategory "9"]
[SourceTitle "CBM 081"]
[Source "ChessBase"]
[SourceDate "2001.03.20"]
[SourceVersion "1"]
[SourceVersionDate "2001.03.20"]
[SourceQuality "1"]

1. Nf3 Nf6 2. c4 g6 3. Nc3 Bg7 4. e4 O-O 5. d4 c6 6. Be2 d5 7. e5 Ne4 8. O-O Nxc3 9. bxc3 dxc4 10. Bxc4 c5 11. Ng5 h6 12. Ne4 cxd4 13. cxd4 Nc6 14. Be3 Na5 15. Bd3 f5 16. Nc5 f4 17. Bxg6 fxe3 18. fxe3 b6 19. Bc2 Rxf1+ 20. Qxf1 Qf8 21. Qe2 bxc5 22. Rf1 Bf6 23. Qd3 Qf7 1/2-1/2

[Event "Elbow Beach Club GM-B"]
[Site "Paget Parish"]
[Date "2001.01.22"]
[Round "4"]
[White "Becerra Rivero, Julio"]
[Black "Teplitsky, Yan"]
[Result "1/2-1/2"]
[WhiteElo "2538"]
[BlackElo "2446"]
[PlyCount "109"]
[GameId "1165542853627904"]
[EventDate "2001.01.19"]
[EventType "tourn"]
[EventRounds "11"]
[EventCountry "BER"]
[EventCategory "9"]
[SourceTitle "CBM 081"]
[Source "ChessBase"]
[SourceDate "2001.03.20"]
[SourceVersion "1"]
[SourceVersionDate "2001.03.20"]
[SourceQuality "1"]

1. e4 c5 2. Nf3 d6 3. d4 cxd4 4. Nxd4 Nf6 5. Nc3 Nc6 6. Bg5 e6 7. Qd2 a6 8. O-O-O h6 9. Be3 Bd7 10. f3 b5 11. Nxc6 Bxc6 12. Ne2 Be7 13. Nd4 Bb7 14. g4 Nd7 15. Kb1 Qc7 16. g5 hxg5 17. Bxg5 Nf6 18. Rg1 Rd8 19. h4 g6 20. Bh3 e5 21. Nb3 Nh5 22. Bg4 Bxg5 23. hxg5 Nf4 24. Nc1 d5 25. exd5 Rxd5 26. Nd3 Nxd3 27. cxd3 Kf8 28. Rc1 Qd6 29. Rgd1 Rd4 30. Ka1 Kg7 31. Qe2 Bd5 32. Re1 Ra4 33. a3 Rd4 34. Kb1 b4 35. axb4 Rxb4 36. Rc8 Rxc8 37. Bxc8 Ra4 38. Qxe5+ Qxe5 39. Rxe5 Bxf3 40. Kc2 Ra1 41. b3 Ra2+ 42. Kb1 Re2 43. Rc5 Re7 44. Bxa6 f6 45. b4 fxg5 46. Rxg5 Kf6 47. Rg3 Bb7 48. Bc4 g5 49. Rg1 Kf5 50. Rf1+ Kg6 51. Kc2 g4 52. d4 Kg5 53. d5 Rd7 54. Kc3 Bxd5 55. Bxd5 1/2-1/2

[Event "Elbow Beach Club GM-B"]
[Site "Paget Parish"]
[Date "2001.01.23"]
[Round "5"]
[White "Teplitsky, Yan"]
[Black "Thorhallsson, Throstur"]
[Result "1/2-1/2"]
[WhiteElo "2446"]
[BlackElo "2462"]
[PlyCount "80"]
[GameId "1166643383668736"]
[EventDate "2001.01.19"]
[EventType "tourn"]
[EventRounds "11"]
[EventCountry "BER"]
[EventCategory "9"]
[SourceTitle "CBM 081"]
[Source "ChessBase"]
[SourceDate "2001.03.20"]
[SourceVersion "1"]
[SourceVersionDate "2001.03.20"]
[SourceQuality "1"]

1. c4 e6 2. d4 d5 3. Nc3 Nf6 4. cxd5 exd5 5. Bg5 c6 6. Qc2 Be7 7. e3 O-O 8. Bd3 Nbd7 9. Nge2 Re8 10. O-O-O a5 11. Kb1 b5 12. Ng3 h6 13. Bxf6 Nxf6 14. Nce2 Qb6 15. Rc1 Bd7 16. Bf5 Rac8 17. Nh5 Bxf5 18. Nxf6+ Bxf6 19. Qxf5 Rc7 20. h4 Be7 21. g4 Qb8 22. Nf4 Qc8 23. Nd3 Bd6 24. Qxc8 Rexc8 25. Rc2 Kf8 26. Rhc1 Ke8 27. f3 Re7 28. Rxc6 Rxc6 29. Rxc6 Kd7 30. Rc3 b4 31. Nc5+ Kc6 32. Rd3 Bxc5 33. dxc5 Kxc5 34. Kc2 f5 35. gxf5 Re5 36. e4 dxe4 37. fxe4 Rxe4 38. Rd7 Rg4 39. Kb3 Rg3+ 40. Ka4 Rg2 1/2-1/2

[Event "Elbow Beach Club GM-B"]
[Site "Paget Parish"]
[Date "2001.01.24"]
[Round "6"]
[White "Tyomkin, Dimitri"]
[Black "Teplitsky, Yan"]
[Result "1/2-1/2"]
[WhiteElo "2496"]
[BlackElo "2446"]
[PlyCount "35"]
[GameId "1166643383689216"]
[EventDate "2001.01.19"]
[EventType "tourn"]
[EventRounds "11"]
[EventCountry "BER"]
[EventCategory "9"]
[SourceTitle "CBM 081"]
[Source "ChessBase"]
[SourceDate "2001.03.20"]
[SourceVersion "1"]
[SourceVersionDate "2001.03.20"]
[SourceQuality "1"]

1. Nf3 Nf6 2. g3 d5 3. Bg2 c6 4. O-O Bf5 5. d3 e6 6. Nbd2 Be7 7. Qe1 h6 8. e4 Bh7 9. Qe2 O-O 10. b3 a5 11. e5 Nfd7 12. a4 Na6 13. Bb2 Nb4 14. Rac1 Na2 15. Ra1 Nb4 16. Rac1 Na2 17. Ra1 Nb4 18. Rac1 1/2-1/2

[Event "Elbow Beach Club GM-B"]
[Site "Paget Parish"]
[Date "2001.01.25"]
[Round "7"]
[White "Teplitsky, Yan"]
[Black "Doettling, Fabian"]
[Result "1/2-1/2"]
[WhiteElo "2446"]
[BlackElo "2509"]
[PlyCount "44"]
[GameId "1166643383709696"]
[EventDate "2001.01.19"]
[EventType "tourn"]
[EventRounds "11"]
[EventCountry "BER"]
[EventCategory "9"]
[SourceTitle "CBM 081"]
[Source "ChessBase"]
[SourceDate "2001.03.20"]
[SourceVersion "1"]
[SourceVersionDate "2001.03.20"]
[SourceQuality "1"]

1. c4 e6 2. Nf3 Nf6 3. g3 d5 4. Bg2 Be7 5. O-O O-O 6. b3 c5 7. Bb2 Nc6 8. e3 b6 9. Qe2 Bb7 10. d3 Qc7 11. e4 dxe4 12. dxe4 e5 13. Nc3 Nd4 14. Nxd4 cxd4 15. Nd5 Nxd5 16. cxd5 a5 17. Rfc1 Qd7 18. a4 Bc5 19. Ba3 Bxa3 20. Rxa3 Rfc8 21. Raa1 Ba6 22. Qd2 Rxc1+ 1/2-1/2

[Event "Elbow Beach Club GM-B"]
[Site "Paget Parish"]
[Date "2001.01.26"]
[Round "8"]
[White "Kalod, Radek"]
[Black "Teplitsky, Yan"]
[Result "1-0"]
[WhiteElo "2490"]
[BlackElo "2446"]
[PlyCount "115"]
[GameId "1165542853648384"]
[EventDate "2001.01.19"]
[EventType "tourn"]
[EventRounds "11"]
[EventCountry "BER"]
[EventCategory "9"]
[SourceTitle "CBM 081"]
[Source "ChessBase"]
[SourceDate "2001.03.20"]
[SourceVersion "1"]
[SourceVersionDate "2001.03.20"]
[SourceQuality "1"]

1. e4 c5 2. Nf3 d6 3. d4 Nf6 4. Nc3 cxd4 5. Nxd4 Nc6 6. Bg5 e6 7. Qd2 a6 8. O-O-O h6 9. Be3 Bd7 10. f3 Qa5 11. Kb1 Be7 12. g4 b5 13. Nb3 Qc7 14. Bxb5 axb5 15. Nxb5 Qb8 16. Nxd6+ Qxd6 17. Qxd6 Bxd6 18. Rxd6 Ne5 19. Nd2 Bb5 20. h3 Nc4 21. Rd3 Nxe3 22. Rxe3 Ke7 23. a3 Rhd8 24. Kc1 Nd7 25. Nb1 Ne5 26. b3 g5 27. a4 Bc6 28. Rd1 Rxd1+ 29. Kxd1 Ng6 30. Rc3 Be8 31. Re3 Kf6 32. Nc3 Ke5 33. Ne2 Nf4 34. Nxf4 Kxf4 35. Rd3 Kg3 36. Ke2 Kxh3 37. Kf2 Ra7 38. Rd8 Re7 39. Rd1 Kh2 40. Rg1 Rd7 41. Rg2+ Kh3 42. Rg3+ Kh4 43. Rg2 Rd2+ 44. Kg1 Rd1+ 45. Kf2 Rd2+ 46. Kg1 Rxg2+ 47. Kxg2 h5 48. gxh5 Kxh5 49. c4 Kg6 50. a5 Kf6 51. b4 Ke5 52. b5 Kd6 53. e5+ Kc5 54. a6 Kb6 55. Kf2 Bd7 56. Ke3 Bc8 57. Kd4 Bd7 58. Kc3 1-0

[Event "Elbow Beach Club GM-B"]
[Site "Paget Parish"]
[Date "2001.01.28"]
[Round "9"]
[White "Teplitsky, Yan"]
[Black "Vuckovic, Bojan"]
[Result "0-1"]
[WhiteElo "2446"]
[BlackElo "2458"]
[PlyCount "150"]
[GameId "1165542853660672"]
[EventDate "2001.01.19"]
[EventType "tourn"]
[EventRounds "11"]
[EventCountry "BER"]
[EventCategory "9"]
[SourceTitle "CBM 081"]
[Source "ChessBase"]
[SourceDate "2001.03.20"]
[SourceVersion "1"]
[SourceVersionDate "2001.03.20"]
[SourceQuality "1"]

1. Nf3 Nf6 2. c4 c5 3. Nc3 e6 4. g3 b6 5. Bg2 Bb7 6. O-O d6 7. d4 cxd4 8. Qxd4 Be7 9. Bg5 a6 10. Bxf6 Bxf6 11. Qf4 Bxf3 12. Bxf3 Ra7 13. Ne4 Be7 14. Rad1 Rd7 15. Rd3 O-O 16. Rfd1 e5 17. Qd2 f5 18. Nxd6 e4 19. Nxe4 Rxd3 20. Qxd3 Qxd3 21. Rxd3 fxe4 22. Bxe4 Bc5 23. e3 Re8 24. Bb7 Kf7 25. Kf1 Re7 26. Bd5+ Kf6 27. Ke2 g5 28. f4 Nd7 29. Bc6 Nf8 30. e4 gxf4 31. b4 Bxb4 32. gxf4 Rc7 33. Bd5 Ng6 34. Kf3 Bd6 35. Rb3 Bxf4 36. Rxb6+ Kg5 37. Rxa6 Bxh2 38. Rb6 Ne5+ 39. Kg2 Bf4 40. Rb7 Rxb7 41. Bxb7 Nxc4 42. Bc8 Ne5 43. Bf5 h5 44. Be6 Bd2 45. Bc8 Bc3 46. Be6 Nd3 47. Bd7 Nf4+ 48. Kf3 h4 49. Ke3 h3 50. Bxh3 Nxh3 51. Kd3 Be1 52. a4 Nf4+ 53. Kc4 Ne6 54. Kb5 Nd4+ 55. Kb6 Nb3 56. e5 Kf5 57. e6 Kxe6 58. a5 Bxa5+ 59. Kb7 Kd7 60. Kb8 Nc5 61. Ka8 Kc6 62. Kb8 Ne6 63. Ka7 Nc7 64. Kb8 Bb6 65. Kc8 Ba7 66. Kd8 Nd5 67. Kc8 Ne7+ 68. Kd8 Kd6 69. Ke8 Ke6 70. Kd8 Bb6+ 71. Ke8 Nd5 72. Kf8 Bd8 73. Ke8 Bh4 74. Kf8 Be7+ 75. Kg7 Nf4 0-1

[Event "Elbow Beach Club GM-B"]
[Site "Paget Parish"]
[Date "2001.01.30"]
[Round "11"]
[White "Teplitsky, Yan"]
[Black "Shahade, Gregory P"]
[Result "1-0"]
[WhiteElo "2446"]
[BlackElo "2456"]
[PlyCount "97"]
[GameId "1165542853689344"]
[EventDate "2001.01.19"]
[EventType "tourn"]
[EventRounds "11"]
[EventCountry "BER"]
[EventCategory "9"]
[SourceTitle "CBM 081"]
[Source "ChessBase"]
[SourceDate "2001.03.20"]
[SourceVersion "1"]
[SourceVersionDate "2001.03.20"]
[SourceQuality "1"]

1. Nf3 c5 2. c4 Nc6 3. d4 cxd4 4. Nxd4 Nf6 5. Nc3 e6 6. g3 Bc5 7. Nb3 Be7 8. Bg2 d6 9. Bf4 O-O 10. O-O Nh5 11. e3 Nxf4 12. exf4 Bd7 13. Qd2 Qb8 14. Rfe1 Rd8 15. f5 Ne5 16. fxe6 Bxe6 17. Nd5 Bxd5 18. Bxd5 Qc7 19. Rac1 Bf6 20. Nd4 Qd7 21. Kg2 Rac8 22. b3 Re8 23. Nb5 a6 24. Nc3 Ng6 25. Ne4 Be7 26. h3 Rcd8 27. Re3 h6 28. Rce1 Bf8 29. Nc3 Ne7 30. Bf3 b5 31. Qe2 Qa7 32. Nd5 Rd7 33. cxb5 axb5 34. Qxb5 Rb8 35. Nxe7+ Bxe7 36. Qe2 Bf6 37. Re8+ Rxe8 38. Qxe8+ Kh7 39. Bd5 Be5 40. Qc8 Rc7 41. Qa8 Qd4 42. Bc4 Ra7 43. Qf3 Kg8 44. a4 Qb6 45. h4 Qc7 46. h5 Qd7 47. Qe4 Ra5 48. f4 Qc8 49. Re2 1-0

[Event "Bermuda op"]
[Site "Paget Parish"]
[Date "2001.02.03"]
[Round "3"]
[White "Tyomkin, Dimitri"]
[Black "Teplitsky, Yan"]
[Result "1/2-1/2"]
[WhiteElo "2500"]
[BlackElo "2440"]
[PlyCount "70"]
[GameId "1165542853926912"]
[EventDate "2001.02.??"]
[EventType "swiss"]
[EventRounds "5"]
[EventCountry "BER"]
[SourceTitle "CBM 081"]
[Source "ChessBase"]
[SourceDate "2001.03.20"]
[SourceVersion "1"]
[SourceVersionDate "2001.03.20"]
[SourceQuality "1"]

1. d4 Nf6 2. c4 e6 3. Bg5 h6 4. Bh4 c5 5. d5 exd5 6. cxd5 d6 7. Nc3 Be7 8. Nf3 O-O 9. e3 Bf5 10. Bd3 Bxd3 11. Qxd3 Na6 12. a3 Nc7 13. Bg3 Nh5 14. O-O Re8 15. Rab1 Rc8 16. b4 cxb4 17. axb4 Na6 18. Nd4 Nxg3 19. hxg3 Bf6 20. Ne4 Bxd4 21. Qxd4 Qe7 22. Nd2 Qe5 23. Qxa7 Qxd5 24. Nf3 Rc4 25. Rfd1 Qb5 26. Nd4 Qd7 27. Qb6 Qc7 28. Qxc7 Nxc7 29. b5 Ra8 30. Nf5 Ra2 31. Nxd6 Rcc2 32. Rf1 Nd5 33. Rb3 b6 34. Nf5 Rab2 35. Rd3 Nc3 1/2-1/2

[Event "Olympiad-35"]
[Site "Bled"]
[Date "2002.10.28"]
[Round "3.4"]
[White "Anastasian, Ashot"]
[Black "Teplitsky, Yan"]
[Result "1-0"]
[WhiteElo "2555"]
[BlackElo "2455"]
[PlyCount "113"]
[GameId "1166644864212992"]
[EventDate "2002.10.26"]
[EventType "team-swiss"]
[EventRounds "14"]
[EventCountry "SLO"]
[SourceTitle "EXT 2003"]
[Source "ChessBase"]
[SourceDate "2002.11.25"]
[SourceVersion "1"]
[SourceVersionDate "2002.11.25"]
[SourceQuality "1"]
[WhiteTeam "Armenia"]
[BlackTeam "Canada"]
[WhiteTeamCountry "ARM"]
[BlackTeamCountry "CAN"]

1. Nf3 c5 2. g3 Nc6 3. Bg2 g6 4. O-O Bg7 5. c4 e6 6. Nc3 Nge7 7. d3 O-O 8. Bg5 h6 9. Bxe7 Qxe7 10. Qd2 a6 11. e3 Rb8 12. a4 b6 13. Rab1 Bb7 14. b3 g5 15. Ne1 f5 16. f4 Qf6 17. Rc1 Qg6 18. Nf3 Rbd8 19. Ne2 d5 20. cxd5 Na5 21. Rb1 Bxd5 22. b4 Nc6 23. bxc5 bxc5 24. Rfc1 Be4 25. Ne1 Nb4 26. Rb3 Bxg2 27. Kxg2 Rd5 28. Nc3 Rd7 29. Na2 Nd5 30. Rxc5 gxf4 31. exf4 Bd4 32. Rxd5 Rxd5 33. Nf3 Bg7 34. Nc3 Rd6 35. Nd1 Rfd8 36. Ne3 Qe8 37. Qa2 Kh8 38. Qb1 Qxa4 39. Nc4 Rc6 40. Nfe5 Rxc4 41. Nxc4 Qc6+ 42. Kh3 Qf3 43. Qe1 Qd5 44. Ra3 Qc6 45. Ne5 Qc5 46. Ra5 Qc7 47. Rxa6 Bxe5 48. Qxe5+ Qxe5 49. fxe5 Rxd3 50. Rxe6 Re3 51. Kh4 Kg7 52. Kh5 Re2 53. h4 Re3 54. Rg6+ Kf7 55. e6+ Ke7 56. Kxh6 Rf3 57. Kg7 1-0

[Event "Olympiad-35"]
[Site "Bled"]
[Date "2002.10.29"]
[Round "4.2"]
[White "Wong, Meng Kong"]
[Black "Teplitsky, Yan"]
[Result "0-1"]
[WhiteElo "2496"]
[BlackElo "2455"]
[PlyCount "80"]
[GameId "1166644865536000"]
[EventDate "2002.10.26"]
[EventType "team-swiss"]
[EventRounds "14"]
[EventCountry "SLO"]
[SourceTitle "EXT 2003"]
[Source "ChessBase"]
[SourceDate "2002.11.25"]
[SourceVersion "1"]
[SourceVersionDate "2002.11.25"]
[SourceQuality "1"]
[WhiteTeam "Singapore"]
[BlackTeam "Canada"]
[WhiteTeamCountry "SIN"]
[BlackTeamCountry "CAN"]

1. d4 Nf6 2. c4 e6 3. Nc3 Bb4 4. e3 c5 5. Nf3 O-O 6. Bd3 b6 7. O-O Bb7 8. a3 Bxc3 9. bxc3 Be4 10. Be2 Nc6 11. Nd2 Bg6 12. f3 d5 13. Nb3 Rc8 14. cxd5 Nxd5 15. Bd2 cxd4 16. cxd4 Qf6 17. Rc1 Nde7 18. Ba6 Rcd8 19. Qe2 e5 20. dxe5 Nxe5 21. e4 Qe6 22. Rc3 N5c6 23. Rfc1 Qd6 24. Ra1 Nd4 25. Nxd4 Qxd4+ 26. Qf2 Qxf2+ 27. Kxf2 Rxd2+ 28. Ke3 Rfd8 29. Rc7 R2d7 30. Rac1 Kf8 31. g4 f6 32. Bb5 Rxc7 33. Rxc7 Ra8 34. Ba6 Be8 35. h4 Rb8 36. Rxa7 Nc6 37. Rc7 Ra8 38. Be2 Rxa3+ 39. Kd2 Nd4 40. Bd1 Nxf3+ 0-1

[Event "Olympiad-35"]
[Site "Bled"]
[Date "2002.11.01"]
[Round "7.2"]
[White "Mieles Palau, Daniel Alberto"]
[Black "Teplitsky, Yan"]
[Result "0-1"]
[WhiteElo "2416"]
[BlackElo "2455"]
[PlyCount "60"]
[GameId "1166644868833280"]
[EventDate "2002.10.26"]
[EventType "team-swiss"]
[EventRounds "14"]
[EventCountry "SLO"]
[SourceTitle "EXT 2003"]
[Source "ChessBase"]
[SourceDate "2002.11.25"]
[SourceVersion "1"]
[SourceVersionDate "2002.11.25"]
[SourceQuality "1"]
[WhiteTeam "Ecuador"]
[BlackTeam "Canada"]
[WhiteTeamCountry "ECU"]
[BlackTeamCountry "CAN"]

1. e4 c5 2. Nf3 d6 3. d4 Nf6 4. Nc3 cxd4 5. Nxd4 Bd7 6. Bg5 e6 7. Qd2 a6 8. O-O-O h6 9. Be3 Ng4 10. f4 Nxe3 11. Qxe3 Be7 12. Kb1 Nc6 13. e5 d5 14. g4 Bc5 15. Nce2 Qb6 16. Bg2 Na5 17. Qc1 Bb5 18. b3 Bxe2 19. Nxe2 Nc4 20. Rd3 Rc8 21. Ka1 Ba3 22. Qg1 Bb2+ 23. Kb1 Na3+ 24. Kxb2 Rxc2+ 25. Ka1 Qxg1+ 26. Rxg1 Rxe2 27. Bf3 Rxh2 28. Rc1 Rc2 29. Rc3 Rxc3 30. Rxc3 Kd7 0-1

[Event "Olympiad-35"]
[Site "Bled"]
[Date "2002.11.04"]
[Round "9.4"]
[White "Teplitsky, Yan"]
[Black "Chuah, Jin Jonathan Hai"]
[Result "1-0"]
[WhiteElo "2455"]
[BlackElo "2199"]
[PlyCount "133"]
[GameId "1166644871098368"]
[EventDate "2002.10.26"]
[EventType "team-swiss"]
[EventRounds "14"]
[EventCountry "SLO"]
[SourceTitle "EXT 2003"]
[Source "ChessBase"]
[SourceDate "2002.11.25"]
[SourceVersion "1"]
[SourceVersionDate "2002.11.25"]
[SourceQuality "1"]
[WhiteTeam "Canada"]
[BlackTeam "Malaysia"]
[WhiteTeamCountry "CAN"]
[BlackTeamCountry "MAS"]

1. d4 Nf6 2. c4 e6 3. Nc3 d5 4. cxd5 exd5 5. Bg5 Be7 6. e3 c6 7. Bd3 Ne4 8. Bxe7 Qxe7 9. Bxe4 dxe4 10. Qc2 Bf5 11. Nge2 Nd7 12. Ng3 Bg6 13. h4 h6 14. Nce2 Qb4+ 15. Qc3 Qxc3+ 16. Nxc3 Nf6 17. h5 Bh7 18. Rh4 O-O-O 19. Ngxe4 Nxe4 20. Nxe4 Rhe8 21. Nc3 Rd6 22. Rf4 f6 23. O-O-O b6 24. b3 Re7 25. Kb2 Kb7 26. Rh4 a6 27. b4 Red7 28. a3 Ka7 29. Rhh1 Rd8 30. Ne2 R6d7 31. Rc1 Kb7 32. Nf4 Re7 33. Rc3 Rd6 34. Rhc1 Be4 35. a4 Red7 36. a5 Re7 37. axb6 Kxb6 38. Ra1 Bf5 39. Ra5 Bd7 40. Rca3 Bc8 41. Kc3 Rd8 42. Kd3 Rd6 43. Ne2 f5 44. Nf4 Rd8 45. Kc3 Rd6 46. g3 Rd8 47. Rc5 Rf7 48. Re5 Rd6 49. Re8 Rc7 50. Ra5 Kb7 51. Rae5 Kb6 52. Nd3 g6 53. Nb2 Rf6 54. Nc4+ Kb7 55. hxg6 Rxg6 56. Rd8 Be6 57. Nd6+ Ka7 58. Nxf5 Rf7 59. Nh4 Rgf6 60. Rd6 Bg4 61. Rxf6 Rxf6 62. f4 Kb6 63. e4 Rf7 64. f5 h5 65. Re6 Rg7 66. Ng6 Rg8 67. Rxc6+ 1-0

[Event "Olympiad-35"]
[Site "Bled"]
[Date "2002.11.06"]
[Round "11.3"]
[White "Svetushkin, Dmitry"]
[Black "Teplitsky, Yan"]
[Result "0-1"]
[WhiteElo "2505"]
[BlackElo "2455"]
[PlyCount "122"]
[GameId "1166644873265152"]
[EventDate "2002.10.26"]
[EventType "team-swiss"]
[EventRounds "14"]
[EventCountry "SLO"]
[SourceTitle "EXT 2003"]
[Source "ChessBase"]
[SourceDate "2002.11.25"]
[SourceVersion "1"]
[SourceVersionDate "2002.11.25"]
[SourceQuality "1"]
[WhiteTeam "Moldova"]
[BlackTeam "Canada"]
[WhiteTeamCountry "MDA"]
[BlackTeamCountry "CAN"]

1. d4 Nf6 2. c4 e6 3. Nf3 b6 4. e3 Bb7 5. Bd3 g6 6. O-O Bg7 7. Nc3 d6 8. e4 Nbd7 9. Re1 O-O 10. h3 Nh5 11. Bg5 Bf6 12. Bh6 Bg7 13. Be3 c5 14. d5 exd5 15. cxd5 a6 16. a4 Ne5 17. Nxe5 Bxe5 18. Qd2 Re8 19. g4 Nf6 20. Ne2 c4 21. Bc2 Qc8 22. Bd4 h5 23. f4 Bxd4+ 24. Qxd4 Qc5 25. Qxc5 bxc5 26. Nc3 hxg4 27. hxg4 Nxg4 28. a5 Nf6 29. Rad1 Nh5 30. e5 Nxf4 31. exd6 Rxe1+ 32. Rxe1 Rd8 33. Re7 Bxd5 34. d7 Kf8 35. Nxd5 Nxd5 36. Re4 Rxd7 37. Ba4 Rc7 38. Rxc4 Ke7 39. Re4+ Kd6 40. Re8 Nb4 41. Rb8 Ke5 42. Kf2 Kf4 43. Bb3 Nc6 44. Rf8 f5 45. Bc4 Rb7 46. Bxa6 Rxb2+ 47. Ke1 Nxa5 48. Rc8 Rb6 49. Be2 Nb3 50. Bc4 g5 51. Rf8 g4 52. Ke2 Nd4+ 53. Kd3 Nf3 54. Bd5 Ne5+ 55. Kc3 g3 56. Rc8 Rd6 57. Bb7 c4 58. Rf8 Rd3+ 59. Kc2 Nf3 60. Rg8 g2 61. Kc1 Ke5 0-1

[Event "Olympiad-35"]
[Site "Bled"]
[Date "2002.11.07"]
[Round "12.2"]
[White "Socko, Bartosz"]
[Black "Teplitsky, Yan"]
[Result "0-1"]
[WhiteElo "2569"]
[BlackElo "2455"]
[PlyCount "90"]
[GameId "1166644874358784"]
[EventDate "2002.10.26"]
[EventType "team-swiss"]
[EventRounds "14"]
[EventCountry "SLO"]
[SourceTitle "EXT 2003"]
[Source "ChessBase"]
[SourceDate "2002.11.25"]
[SourceVersion "1"]
[SourceVersionDate "2002.11.25"]
[SourceQuality "1"]
[WhiteTeam "Poland"]
[BlackTeam "Canada"]
[WhiteTeamCountry "POL"]
[BlackTeamCountry "CAN"]

1. e4 g6 2. d4 Bg7 3. Nc3 c6 4. f4 d5 5. e5 Qb6 6. Be2 Nh6 7. Na4 Qc7 8. Be3 Nd7 9. g4 b5 10. Nc3 Nb6 11. b3 b4 12. Nb1 f6 13. a3 fxe5 14. fxe5 c5 15. Bb5+ Bd7 16. Bxd7+ Nxd7 17. e6 Nf8 18. axb4 Nxe6 19. bxc5 O-O 20. Nc3 Nf4 21. Qd2 Nxg4 22. Bxf4 Rxf4 23. Nge2 Rf5 24. Ng3 Rf3 25. Nxd5 Qd7 26. c4 Raf8 27. c6 Qd6 28. Ne4 Qe6 29. Qe2 Ne3 30. Nxe3 Qxe4 31. Nc2 Qxc6 32. Rg1 Rxb3 33. Rd1 Rc3 34. c5 Qa4 35. Rg2 Rcf3 36. Rd3 Qa5+ 37. Qd2 Rf1+ 38. Ke2 Qb5 39. Qb4 Qd7 40. Ne3 Qh3 41. Qb7 R1f3 42. Qe4 Bh6 43. Rg4 Bxe3 44. Qe6+ R8f7 45. Rxe3 Rxe3+ 0-1

[Event "Olympiad-35"]
[Site "Bled"]
[Date "2002.11.08"]
[Round "13.3"]
[White "Mchedlishvili, Mikheil"]
[Black "Teplitsky, Yan"]
[Result "1-0"]
[WhiteElo "2551"]
[BlackElo "2455"]
[PlyCount "121"]
[GameId "1166644875501568"]
[EventDate "2002.10.26"]
[EventType "team-swiss"]
[EventRounds "14"]
[EventCountry "SLO"]
[SourceTitle "EXT 2003"]
[Source "ChessBase"]
[SourceDate "2002.11.25"]
[SourceVersion "1"]
[SourceVersionDate "2002.11.25"]
[SourceQuality "1"]
[WhiteTeam "Georgia"]
[BlackTeam "Canada"]
[WhiteTeamCountry "GEO"]
[BlackTeamCountry "CAN"]

1. d4 g6 2. c4 Bg7 3. e4 d6 4. Nc3 e5 5. Nge2 Nc6 6. Be3 exd4 7. Nxd4 Nge7 8. Be2 O-O 9. O-O f5 10. Nxc6 bxc6 11. Bf3 Be6 12. Re1 f4 13. Bd4 Bxd4 14. Qxd4 c5 15. Qd1 Nc6 16. e5 Nxe5 17. Bxa8 Qxa8 18. b3 f3 19. g3 Qc8 20. Re3 Bf7 21. Qf1 Qf5 22. Rae1 Be6 23. Re4 g5 24. Nd5 Rf7 25. g4 Qg6 26. Qh3 c6 27. Nc3 Bd7 28. Qg3 Qf6 29. Rxe5 dxe5 30. Rxe5 h6 31. h3 Kh7 32. Re3 Bc8 33. Qe5 Qxe5 34. Rxe5 Kg6 35. Rxc5 Bd7 36. Ra5 Bc8 37. Kh2 h5 38. Ne4 hxg4 39. hxg4 Re7 40. Nxg5 Bxg4 41. Kg3 Bf5 42. Nxf3 Be4 43. Ne5+ Kf6 44. Kf4 Bb1 45. Nxc6 Re2 46. Nb4 Rxf2+ 47. Ke3 Rh2 48. Rxa7 Ke5 49. Ra5+ Kd6 50. Kd4 Rh4+ 51. Kc3 Rh3+ 52. Kb2 Be4 53. Rg5 Bf3 54. Rg6+ Kc5 55. Nd3+ Kd4 56. Rd6+ Ke3 57. Kc3 Be2 58. Nc5 Rh1 59. Re6+ Kf3 60. a4 Rh5 61. Kb4 1-0